[Event "Medellin Cuartas Memorial B"]
[Site "Medellin"]
[Date "2011.08.07"]
[Round "8.9"]
[White "Villa Ospina, Juan Guillermo"]
[Black "Alcaraz, Elkin Andres"]
[Result "1-0"]
[WhiteElo "1600"]
[BlackElo "1687"]
[PlyCount "47"]
[EventDate "2011.08.03"]
[EventType "swiss"]
[EventRounds "8"]
[EventCountry "COL"]
[SourceTitle "EXT 2024"]
[Source "ChessBase"]
[SourceDate "2023.10.10"]
[SourceVersion "1"]
[SourceVersionDate "2023.10.10"]
[SourceQuality "1"]

1. e4 e5 2. Nf3 Nf6 3. Nc3 Nc6 4. Bc4 Bc5 5. 0-0 d6 6. h3 Qe7 7. d3 h6 8. Bb5 Bd7 9. Nd5 Nxd5 10. exd5 Nd4 11. Nxd4 Bxd4 12. Bxd7+ Qxd7 13. c3 Bb6 14. Be3 Qb5 15. c4 Qxb2 16. Qa4+ Kd8 17. Rab1 Qe2 18. Bxb6 cxb6 19. Rxb6 Ke7 20. Rxb7+ Kf6 21. Qd7 Rhf8 22. Qxd6+ Kg5 23. f4+ Kh4 24. Qxe5 1-0